00708cam a2200193 a 4500001000800000005001700008008004100025040002500066082002200091100001200113245011400125260010100239300001900340500002000359700002400379942000600403952009400409999001100503199362120231122231821.0890525s1988 ii 001 0 eng  aDLCcDLCdDLCdOCoLC 222a305.404.bGAN1 aGandhi,10aGandhi on women :bcollection of Mahatma Gandhi's writings and speeches on women /ccompiled by Pushpa Joshi. aAhmedabad :bNavajivan Pub. House ;aNew Delhi :bCentre for Women's Development Studies,c1988. axxii, 385 p. ; aIncludes index.1 aJoshi, Pushpa.eedt cL 001040708LaWERCLbWERCLd2023-11-23l0o305.404. GANp3162r2023-11-22w2023-11-22yL c54d54